Herman Melville's Moby Dick : (Record no. 200468092)

MARC details
000 -LEADER
fixed length control field 01092cam a22003491i 4500
001 - CONTROL NUMBER
control field 200468092
003 - CONTROL NUMBER IDENTIFIER
control field TR-AnTOB
005 - DATE AND TIME OF LATEST TRANSACTION
control field 20260413173034.0
007 - PHYSICAL DESCRIPTION FIXED FIELD--GENERAL INFORMATION
fixed length control field ta
008 - FIXED-LENGTH DATA ELEMENTS--GENERAL INFORMATION
fixed length control field 260413s1962 xx 000 0 eng d
010 ## - LIBRARY OF CONGRESS CONTROL NUMBER
LC control number 62022299
035 ## - SYSTEM CONTROL NUMBER
System control number 7502789
System control number (OCoLC)831977
040 ## - CATALOGING SOURCE
Original cataloging agency DLC
Language of cataloging eng
Description conventions rda
Transcribing agency OKentU
Modifying agency DLC
-- TR-AnTOB
041 0# - LANGUAGE CODE
Language code of text/sound track or separate title İngilizce
050 00 - LIBRARY OF CONGRESS CALL NUMBER
Classification number PS2384.M62
Item number G68 1962
090 ## - LOCALLY ASSIGNED LC-TYPE CALL NUMBER (OCLC); LOCAL CALL NUMBER (RLIN)
Classification number (OCLC) (R) ; Classification number, CALL (RLIN) (NR) PS2384.M62
Local cutter number (OCLC) ; Book number/undivided call number, CALL (RLIN) G68 1962 TıpFaK
100 1# - MAIN ENTRY--PERSONAL NAME
Personal name Gottschalk, Hans Walter
Relator term author
9 (RLIN) 153623
245 10 - TITLE STATEMENT
Title Herman Melville's Moby Dick :
Remainder of title a study guide /
Statement of responsibility, etc. by Hans Gootschalk, edited by Walter Harding.
264 #1 - PRODUCTION, PUBLICATION, DISTRIBUTION, MANUFACTURE, AND COPYRIGHT NOTICE
Place of production, publication, distribution, manufacture Bound Brook, N.J. :
Name of producer, publisher, distributor, manufacturer Shelley Pub. Co.,
Date of production, publication, distribution, manufacture, or copyright notice 1962.
Date of production, publication, distribution, manufacture, or copyright notice ©1962
300 ## - PHYSICAL DESCRIPTION
Extent 96 pages :
Other physical details illustration ;
Dimensions 21 cm
336 ## - CONTENT TYPE
Content type term text
Content type code txt
Source rdacontent
337 ## - MEDIA TYPE
Media type term unmediated
Media type code n
Source rdamedia
338 ## - CARRIER TYPE
Carrier type term volume
Carrier type code nc
Source rdacarrier
490 0# - SERIES STATEMENT
Series statement Shelley's study guides
504 ## - BIBLIOGRAPHY, ETC. NOTE
Bibliography, etc. note Includes bibliographical references.
600 10 - SUBJECT ADDED ENTRY--PERSONAL NAME
Personal name Melville, Herman,
Dates associated with a name 1819-1891
Title of a work Moby Dick.
9 (RLIN) 42466
700 1# - ADDED ENTRY--PERSONAL NAME
Personal name Harding, Walter,
Dates associated with a name 1917-1996
Relator term editor
9 (RLIN) 153624
942 ## - ADDED ENTRY ELEMENTS (KOHA)
Source of classification or shelving scheme Library of Congress Classification
Koha item type Book
Holdings
Withdrawn status Lost status Source of classification or shelving scheme Damaged status Not for loan Collection code Home library Current library Shelving location Date acquired Source of acquisition Inventory number Total Checkouts Full call number Barcode Date last seen Date shelved Koha item type Public note
    Library of Congress Classification Kullanılmış / Used Ödünç Verilemez-Kurumiçi kullanım / Not for loan-For inhouse use Genel Koleksiyon Tıp Fakültesi Medikal Kütüphane Tıp Fakültesi Medikal Kütüphane Genel Koleksiyon / Main Collection 13/04/2026 Bağış / Donation İDE   PS2384.M62 G68 1962 TıpFaK TF03072 13/04/2026 13/04/2026 Book Donated by Prof. Dr. Şükrü Cin.
Devinim Yazılım Eğitim Danışmanlık tarafından Koha'nın orjinal sürümü uyarlanarak geliştirilip kurulmuştur.